Official financing recent developments and selected issues

Gespeichert in:
Bibliographische Detailangaben
Weitere Verfasser: Gilman, Martin G., Wang, Jian-Ye
Format: Buch
Sprache:Englisch
Veröffentlicht: Washington IMF 2003
Schriftenreihe:World economic and financial surveys
Schlagworte:
Tags: Tag hinzufügen
Keine Tags, Fügen Sie das erste Tag hinzu!

MARC

LEADER 00000nam$a2200000$$$4500
001 0010133
005 20240315115557.1
020 |a 1-58906-228-0 
022 |a 0258-7440 
041 0 |a eng 
044 |a US 
245 1 0 |a Official financing  |b recent developments and selected issues  |c Prepared by a staff team in the Policy development and review department led by Martin G. Gilman and Jian-Ye Wang 
264 1 |a Washington  |b IMF  |c 2003 
300 |a 90 s. 
490 1 |a World economic and financial surveys 
830 0 |a World economic and financial surveys 
610 2 0 |a financovanie 
610 2 0 |a krajiny rozvojové 
610 2 0 |a úver vývozný 
610 2 0 |a dlhy 
610 2 0 |a veritelia 
610 2 0 |a pomoc finančná 
610 2 0 |a Medzinárodný menový fond 
700 1 |a Gilman, Martin G. 
700 1 |a Wang, Jian-Ye